Δίκτυα υπολογιστών
Αποθηκεύτηκε σε:
| Κύριος συγγραφέας: | |
|---|---|
| Άλλοι συγγραφείς: | , |
| Μορφή: | Βιβλίο |
| Γλώσσα: | Greek English |
| Δημοσίευση: |
Αθήνα :
Παπασωτηρίου, Prentice-Hall,
1992.
|
| Έκδοση: | 2η εκδ. |
| Θέματα: | |
| Ετικέτες: |
Προσθήκη ετικέτας
Δεν υπάρχουν, Καταχωρήστε ετικέτα πρώτοι!
|
MARC
| LEADER | 00000cam a2200000 i 4500 | ||
|---|---|---|---|
| 001 | 1/19783 | ||
| 008 | 010626s1992 gr | ||| ||gre|| | ||
| 020 | |a 9607182006 | ||
| 035 | |l 10066977 | ||
| 040 | |a GR-MyUA |b gre |e AACR2 | ||
| 041 | 1 | |a gre |h eng | |
| 082 | 0 | |a 004.6 | |
| 100 | 1 | |a Tanenbaum, Andrew S., |d 1944- | |
| 245 | 1 | 0 | |a Δίκτυα υπολογιστών / |c Andrew S. Tanenbaum ; μετάφραση Νίκος Παπαντώνης, Κώστας Καραίσκος. |
| 250 | |a 2η εκδ. | ||
| 260 | |a Αθήνα : |b Παπασωτηρίου, |b Prentice-Hall, |c 1992. | ||
| 300 | |a xviii, 870 σ. ; |c 24 εκ. | ||
| 504 | |a Περιέχει βιβλιογραφία και ευρετήριο. | ||
| 650 | 0 | 0 | |a Computer networks. |
| 700 | 1 | |a Παπαντώνης, Νίκος, |e trl | |
| 700 | 1 | |a Καραΐσκος, Κώστας, |e trl | |
| 852 | |a INST |b SAMOS |e 20010626 |h 004.6 TAN |p 005300020745 |q 005300020745 |t BK |y 0 | ||
| 852 | |a INST |b SAMOS |e 20010626 |h 004.6 TAN |p 005300020746 |q 005300020746 |t BK |y 0 | ||
| 901 | |a BIBL3-2001-2 | ||
| 909 | |a Σ |b 086660 | ||
| 909 | |a Σ |b 086659 | ||
| 970 | |a ΠΟΥΡΝΑΡΑΣ |b ΔΗΜΗΤΡΗΣ |z 2001/06/26 | ||